Leading figures in English history, Tudor and Stewart period.

Bibliographic Details
Main Author: Innes, Arthur D. (Arthur Donald), 1863-1938
Format: Book
Language:English
Published: Freeport, N.Y. : Books for Libraries Press, [1967]
Series:Essay index reprint series
Subjects:

MARC

Tag First Indicator Second Indicator Subfields
LEADER 00000cam a22000001 4500
001 in00000713313
005 20151016055029.0
008 740606r19671931nyu 00000ceng
010 |a  67023233  
035 |a (OCoLC)00634251 
035 |9 ADC6063AM 
040 |a DLC  |c DLC  |d TXA  |d UtOrBLW 
043 |a e-uk--- 
049 |a TXAM  |c [472946] 
050 0 0 |a DA304  |b .I6 1967 
082 0 |a 942.05/0922 
092 |a 942.05  |b I58, 1967 
100 1 |a Innes, Arthur D.  |q (Arthur Donald),  |d 1863-1938. 
245 1 0 |a Leading figures in English history, Tudor and Stewart period. 
264 1 |a Freeport, N.Y. :  |b Books for Libraries Press,  |c [1967] 
300 |a viii, 361 pages ;  |c 22 cm. 
336 |a text  |b txt  |2 rdacontent 
337 |a unmediated  |b n  |2 rdamedia 
338 |a volume  |b nc  |2 rdacarrier 
490 0 |a Essay index reprint series 
500 |a Reprint of the 1931 edition. 
505 0 |a Henry VII.--Cardinal Wolsey.--Sir Thomas More.--Thomas Cromwell.--Protector Somerset.--Queen Elizabeth.--Francis Drake.--Sir Walter Ralegh.--William Shakespeare.--James I.--Captain John Smith.--Strafford.--Oliver Cromwell.--Robert Blake.--John Milton.--Charles II.--James II.--John and Sarah Churchill.--Daniel Defoe.--Chronology. 
651 0 |a Great Britain  |v Biography. 
651 0 |a Great Britain  |x History  |y Tudors, 1485-1603. 
651 0 |a Great Britain  |x History  |y Stuarts, 1603-1714. 
999 |a MARS 
999 f f |s d2f4604a-54c6-3ffc-b31a-c2be026bb0e6  |i 127e05c6-53e1-33a9-ab7a-16d2ed53be91  |t 0 
952 f f |p ric  |a Texas A&M University  |b Rellis Campus  |c Joint Library Facility  |d Remote Storage  |t 0  |e DA304 I6 1967  |h Library of Congress classification  |i unmediated -- volume  |m A14801477998 
998 f f |a DA304 I6 1967  |t 0  |l Remote Storage